| 000 | 01017naa a22003017a 4500 | ||
|---|---|---|---|
| 001 | BR8106311 | ||
| 003 | BR-BrBNA | ||
| 005 | 20240918174930.0 | ||
| 007 | ta | ||
| 008 | 230509b bl.||||| |||| 00| 0 por d | ||
| 040 |
_aBR-BrBNA _bpor _cBiblioteca Nacional de Agricultura |
||
| 041 | _a(Pt) | ||
| 072 |
_aF25 _b0430 _b3855 _bG514 |
||
| 090 | _aF25 BR8106311 | ||
| 100 | 1 | _aFaria, E.A. | |
| 100 | 1 | _aLaca-Buendia, J.P. | |
| 100 | 1 | _aCastro, E. da M. de | |
| 245 | 1 | _aEfeito da adubacao verde no algodoeiro herbaceo, em solos de baixa fertilidade [Minas Gerais, Brasil] | |
| 260 | 3 |
_aBelo Horizonte, MG (Brasil): _c1981. |
|
| 500 | _aProjeto algodao. Relatorio 78/79 Belo Horizonte, MG (Brasil): 1981. p. 67-68 (BR8106311-AM)F25 | ||
| 650 | _aALGODAO | ||
| 650 | _aADUBO VERDE | ||
| 650 | _aADUBACAO | ||
| 650 | _aMINAS GERAIS | ||
| 773 | 0 |
_tProjeto algodao. Relatorio 78/79 _wF25 BR8106311 _gBelo Horizonte, MG (Brasil), 1981. p. 67-68 |
|
| 909 |
_a202404 _bLucia _c55 _dLucia Elande |
||
| 942 |
_cAM _2AGRIS |
||
| 999 |
_c314380 _d314380 |
||